Catalog

Record Details

Catalog Search



Žraloci  Cover Image Book Book

Žraloci / napsala Miranda Macquittyová

MacQuitty, Miranda (Author).

Record details

  • ISBN: 80-86144-14-3
  • Physical Description: 62 s. : barev. il. ; 29 cm
  • Edition: 1. vyd.
  • Publisher: Praha : Fortuna Print, 2001

Content descriptions

General Note:
Přeloženo z angličtiny
Bibliography, etc. Note:
Obsahuje rejstřík
Subject: žraloci
Sharks
Genre: populárně-naučné publikace

Available copies

  • 1 of 1 copy available at Common Catalog SPOK.

Holds

  • 0 current holds with 1 total copy.
Show Only Available Copies
Location Call Number / Copy Notes Barcode Shelving Location Status Due Date
KDS Library 5 MaM 204576802958 Library Available -

LDR 01072nam a2200361 a 4500
00122338
003CZ-PrJAB
00520150721112152.0
007tu
008010905s2001 xr a e 001 0 cze
015 . ‡acnb001008042
020 . ‡a80-86144-14-3 ‡q(váz.)
035 . ‡a(CZ PrNK)cpk20011008042
035 . ‡a(OCoLC)50342646
040 . ‡aABA001 ‡bcze
0411 . ‡acze ‡heng
072 7. ‡a59 ‡xZoologie ‡2Konspekt ‡92
080 . ‡a597.311/.315 ‡2MRF
080 . ‡a(0.062) ‡2MRF
1001 . ‡aMacQuitty, Miranda ‡7jn20020721472 ‡4aut
24510. ‡aŽraloci / ‡cnapsala Miranda Macquittyová
250 . ‡a1. vyd.
260 . ‡aPraha : ‡bFortuna Print, ‡c2001
300 . ‡a62 s. : ‡bbarev. il. ; ‡c29 cm
4901 . ‡aVidět - poznat - vědět
500 . ‡aPřeloženo z angličtiny
504 . ‡aObsahuje rejstřík
65007. ‡ažraloci ‡7ph136714 ‡2czenas
65009. ‡aSharks ‡2eczenas
655 7. ‡apopulárně-naučné publikace ‡7fd131864 ‡2czenas
830 0. ‡aVidět - poznat - vědět (Fortuna Print)
910 . ‡aABE463
998 . ‡a001008042
901 . ‡a22338 ‡b ‡c22338 ‡tbiblio

Additional Resources